Relativity thermodynamics and cosmology. (Record no. 165508)

MARC details
000 -LEADER
fixed length control field 00577nam a2200217Ia 4500
003 - CONTROL NUMBER IDENTIFIER
control field OSt
005 - DATE AND TIME OF LATEST TRANSACTION
control field 20230509094623.0
008 - FIXED-LENGTH DATA ELEMENTS--GENERAL INFORMATION
fixed length control field 210423s1987 xx 000 0 und d
020 ## - INTERNATIONAL STANDARD BOOK NUMBER
International Standard Book Number 978-0-486-65383-9
040 ## - CATALOGING SOURCE
Transcribing agency AL
041 ## - LANGUAGE CODE
Language code of text/sound track or separate title eng
082 ## - DEWEY DECIMAL CLASSIFICATION NUMBER
Classification number 530.11 TOLR
100 ## - MAIN ENTRY--PERSONAL NAME
Personal name TOLMAN (Richard C).
9 (RLIN) 100212
245 ## - TITLE STATEMENT
Title Relativity thermodynamics and cosmology.
260 ## - PUBLICATION, DISTRIBUTION, ETC.
Place of publication, distribution, etc. New York
Name of publisher, distributor, etc. Dover publications
Date of publication, distribution, etc. 1987
300 ## - PHYSICAL DESCRIPTION
Extent xv,501
Other physical details PB
365 ## - TRADE PRICE
Price amount 1166.75
Currency code USD
650 ## - SUBJECT ADDED ENTRY--TOPICAL TERM
Topical term or geographic name entry element Physics
9 (RLIN) 100213
906 ## - LOCAL DATA ELEMENT F, LDF (RLIN)
a cosmology. ; Relativity ; thermodynamics
942 ## - ADDED ENTRY ELEMENTS (KOHA)
Source of classification or shelving scheme Dewey Decimal Classification
Koha item type Book
Holdings
Withdrawn status Lost status Damaged status Not for loan Collection code Home library Current library Date acquired Source of acquisition Cost, normal purchase price Total Checkouts Total Renewals Full call number Barcode Date last seen Date last checked out Price effective from Koha item type
        Physics St Aloysius PG Library St Aloysius PG Library 02/10/2014 Athulya Books 1166.75 2 1 530.11 TOLR PG012006 08/10/2024 07/15/2024 04/26/2021 Book